000 01582nam a2200277 4500
999 _c342508
_d342508
001 0
003 nust
005 20180117090025.0
008 0
020 _a9698535030
040 _c0
082 _a650.142
100 _4Wasima Shehzad
245 _aOrganizing Curriculum Vitae
_cWasima Shehzad
260 _aRawalpindi
_bNUST
_c2000
300 _a65p
942 _2ddc
_cBK